LEADER 02211oam 2200637I 450 001 9910460101803321 005 20200520144314.0 010 $a1-317-02899-6 010 $a1-315-55722-3 010 $a1-283-11543-3 010 $a9786613115430 010 $a1-4094-1708-5 024 7 $a10.4324/9781315557229 035 $a(CKB)2670000000083543 035 $a(SSID)ssj0000648954 035 $a(PQKBManifestationID)12309111 035 $a(PQKBTitleCode)TC0000648954 035 $a(PQKBWorkID)10619583 035 $a(PQKB)11416958 035 $a(MiAaPQ)EBC2004707 035 $a(Au-PeEL)EBL2004707 035 $a(CaPaEBR)ebr10468694 035 $a(CaONFJC)MIL311543 035 $a(OCoLC)732957615 035 $a(OCoLC)992319289 035 $a(EXLCZ)992670000000083543 100 $a20180706e20161953 uy 0 101 0 $aeng 135 $aurcn||||||||| 181 $ctxt 182 $cc 183 $acr 200 14$aThe historie of travell into Virginia Britania (1612) /$fby William Strachey, gent ; edited by Louis B. Wright and Virginia Freund 210 1$aLondon :$cRoutledge,$d2016. 215 $axxxii, 221 p. $cmaps 225 1 $aWorks issued by the Hakluyt Society, 2d ser. ;$vno. 103 300 $a"The text is intended to be an exact transcript of the Princeton ms., with original spelling and punctuation retained". 300 $aFirst published by Ashgate Publishing. 311 $a1-4094-1469-8 327 $aThe first book of the first decade -- The second book of the first decade. 410 0$aWorks issued by the Hakluyt Society ;$v2nd ser., no. 103. 606 $aIndians of North America$zVirginia 607 $aVirginia$xHistory$yColonial period, ca. 1600-1775 608 $aElectronic books. 615 0$aIndians of North America 676 $a973.21 700 $aStrachey$b William$f1572?-1621.,$0896687 701 $aLaMar$b Virginia A$0896688 701 $aWright$b Louis B$g(Louis Booker),$f1899-1984.$0193370 801 0$bMiAaPQ 801 1$bMiAaPQ 801 2$bMiAaPQ 906 $aBOOK 912 $a9910460101803321 996 $aThe historie of travell into Virginia Britania (1612)$92003260 997 $aUNINA LEADER 06212nam 22009975 450 001 9910495955903321 005 20220504212705.0 010 $a9786612357039 010 $a1-59734-991-7 010 $a1-282-35703-4 010 $a0-520-92968-3 024 7 $a10.1525/9780520929685 035 $a(CKB)1000000000008470 035 $a(EBL)224557 035 $a(OCoLC)475931364 035 $a(SSID)ssj0000270153 035 $a(PQKBManifestationID)11954642 035 $a(PQKBTitleCode)TC0000270153 035 $a(PQKBWorkID)10261966 035 $a(PQKB)10280080 035 $a(MiAaPQ)EBC224557 035 $a(OCoLC)49570124 035 $a(MdBmJHUP)muse30737 035 $a(DE-B1597)519471 035 $a(OCoLC)990756118 035 $a(DE-B1597)9780520929685 035 $a(EXLCZ)991000000000008470 100 $a20200424h20012001 fg 0 101 0 $aeng 135 $aurun#---|uu|u 181 $ctxt 182 $cc 183 $acr 200 00$aWeimar $ea jurisprudence of crisis /$fArthur Jacobson, Bernhard Schlink 210 1$aBerkeley, CA :$cUniversity of California Press,$d[2001] 210 4$d©2001 215 $a1 online resource (420 p.) 225 0 $aPhilosophy, Social Theory, and the Rule of Law ;$v8 300 $aDescription based upon print version of record. 311 0 $a0-520-22059-5 311 0 $a0-520-23681-5 320 $aIncludes bibliographical references and index. 327 $tWeimar --$tFront matter --$tContents --$tPreface --$tTranslation and Apparatus --$tIntroduction. Constitutional Crisis The German and the American Experience --$tPrologue. The Shattering of Methods in Late Wilhelmine Germany --$tIntroduction --$tOn Legal Theory and Sociology --$tConstitutional Amendment and Constitutional Transformation --$tOn the Borders between Legal and Sociological Method --$tStatute and Judgment --$tOne. Hans Kelsen --$tIntroduction --$tLegal Formalism and the Pure Theory of Law --$tOn the Essence and Value of Democracy --$tTwo. Hugo Preuss --$tIntroduction --$tThe Significance of the Democratic Republic for the Idea of Social Justice --$tThree. Gerhard Anschütz --$tIntroduction --$tThree Guiding Principles of the Weimar Constitution --$tFour. Richard Thoma --$tIntroduction --$tThe Reich as a Democracy --$tFive. Heinrich Triepel --$tIntroduction --$tLaw of the State and Politics --$tSix. Erich Kaufmann --$tIntroduction --$tOn the Problem of the People's Will --$tSeven. Rudolf Smend --$tIntroduction --$tConstitution and Constitutional Law --$tEight. Hermann Heller --$tIntroduction --$tPolitical Democracy and Social Homogeneity --$tThe Essence and Structure of the State --$tNine. Carl Schmitt --$tIntroduction --$tThe Status Quo and the Peace --$tThe Liberal Rule of Law --$tState Ethics and the Pluralist State --$tEpilogue. The Decline of Theory --$tIntroduction --$tThe Total State --$tLegal Community as National Community --$tThe Constitution of Freedom --$tThe Administration as Provider of Services --$tNew Foundations of Administrative Law --$tAdministration --$tConstitution --$tForm and Structure of the Reich --$t"Positions and Concepts": A Debate with Carl Schmitt --$tReich, Sphere of Influence, Great Power --$tNotes --$tEditors and Contributors --$tCopyright Acknowledgments --$tIndex 330 $aThis selection of the major works of constitutional theory during the Weimar period reflects the reactions of legal scholars to a state in permanent crisis, a society in which all bets were off. Yet the Weimar Republic's brief experiment in constitutionalism laid the groundwork for the postwar Federal Republic, and today its lessons can be of use to states throughout the world. Weimar legal theory is a key to understanding the experience of nations turning from traditional, religious, or command-and-control forms of legitimation to the rule of law. Only two of these authors, Hans Kelsen and Carl Schmitt, have been published to any extent in English, but they and the others whose writings are translated here played key roles in the political and constitutional struggles of the Weimar Republic. Critical introductions to all the theorists and commentaries on their works have been provided by experts from Austria, Canada, Germany, and the United States. In their general introduction, the editors place the Weimar debate in the context of the history and politics of the Weimar Republic and the struggle for constitutionalism in Germany. This critical scrutiny of the Weimar jurisprudence of crisis offers an invaluable overview of the perils and promise of constitutional development in states that lack an entrenched tradition of constitutionalism. 410 0$aPhilosophy, social theory, and the rule of law ;$v8. 606 $aState, The$xHistory$vSources 606 $aConstitutional law$zGermany$xPhilosophy$xHistory$vSources 606 $aConstitutional history$zGermany$vSources 607 $aGermany$xPolitics and government$y1918-1933$vSources 610 $aconstitution. 610 $aconstitutional amendment. 610 $aconstitutional. 610 $acrisis. 610 $ademocracy. 610 $ademocratic republic. 610 $aethics. 610 $aeuropean history. 610 $aformalism. 610 $agerman history. 610 $agermany. 610 $alaw. 610 $alegal issues. 610 $alegal theory. 610 $aphilosophy. 610 $apolitical. 610 $apolitics. 610 $asocial change. 610 $asocial justice. 610 $asocial studies. 610 $asocial theory. 610 $asocial transformation. 610 $asociology. 610 $aweimar constitution. 610 $aworld history. 615 0$aState, The$xHistory 615 0$aConstitutional law$xPhilosophy$xHistory 615 0$aConstitutional history 676 $a342.43/029/09042 702 $aJacobson$b Arthur$4edt$4http://id.loc.gov/vocabulary/relators/edt 702 $aSchlink$b Bernhard$4edt$4http://id.loc.gov/vocabulary/relators/edt 801 0$bDE-B1597 801 1$bDE-B1597 906 $aBOOK 912 $a9910495955903321 996 $aWEIMAR$9651440 997 $aUNINA